000
00268nam a22001217a 4500
020
_a
0-7214-1682-9
082
_a
823
_b
BRA/T
100
_a
BRADMAN, TONY
245
_a
TWO MINUTE PUPPY TALES
260
_a
UK
_b
LADY BIRD
650
_a
ENGLISH SHORT STORY
_z
UK
942
_c
BK
999
_c
2406
_d
2406